1468 1221 1212 1509 1944 1046 1793 1174 1697 1041 1835 1227 1658 1576 1480 1825 1338 1219 1674 1297 1721 1745 1559 1527 1448 1579 1202 1054 1074 1697 1128 1503 1566 1016 1451 1858 1659 1687 1523 1474 1782 1253 1860 1845 1939 1489 1061 1533 1714 1868 1865 1337 1329 1741 1237 1822 1268 1003 1382 1061 1389 1387 1541 1078 1471 1420 1672 1858 1782 1853 1814 1038 1749 1208 1891 1451 1820 1730 1760 1617 1754 1566 1794 1426 1022 1594 1953 1918 1675 1832 1396 1844 1121 1578 1380 1111 1230 1560 1101 BCNSPRNW ULIB Ver.6.0+V

เปลี่ยนเป็นภาษาไทย

Change to English
 แสดงรายละเอียดบรรณานุกรม
  กลับหน้าหลัก

Brief Record : Get Marc (ISO 2709) : E-mail record : QR code < ปิดหน้าต่าง
LEADER : 00000nam 2200000uu 4500
001    13399107698
003     ULIB
008    110124s2552||||th 000 0 tha d
020    9789746520409 (ล.1)
041 1  tha^heng
060 04 WY100^bค336ก ล.1 2552
100 1  คาร์เปนนิโต-โมเยท, ลินดา จูอัล
245 10 การวางแผนและบันทึกทางการพยาบาล เล่ม1=^bNursing care plans &documentation : Nursing diagnoses and collaborative problems /^cLynda Juall Carpenito-Moyet ; บรรณาธิการ, วรรณี ตปนียากร, งามนิตย์ รัตนานุกูล
246 31 Nursing care plans & documentation : Nursing diagnoses andcollaborative problems
250    พิมพ์ครั้งที่ 1
260    กรุงเทพฯ :^bไอกรุ๊ป เพรส,^c2552
300    636 หน้า ;^c26 ซม.
500    โครงการสวัสดิการวิชาการ สถาบันพระบรมราชชนก
650  7 ผู้ป่วย, การวางแผนดูแล
650  7 การพยาบาล, การจัดการ
650  7 บันทึกการพยาบาล
700 0  วรรณี ตปนียากร,^eบรรณาธิการ
700 0  งามนิตย์ รัตนานุกูล,^eบรรณาธิการ
700 12 Carpenito-Moyet, Lynda Juall.^tNursing care plans &documentation :^bNursing diagnoses and collaborative problems
710 2   สถาบันพระบรมราชชนก
945    ^p600^l0^i025032
945    ^p600^l0^i025033
945    ^p600^l0^i025031
945    ^p600^l0^i025860
945    ^p600^l0^i025034
945    ^p600^l0^i029422
945    ^p600^l0^i029423
945    ^p600^l0^i029424
945    ^p600^l0^i025861
945    ^p600^l0^i025859
995    กษร
999 ^a ใช้งานได้ทุกระบบ
รายการนี้ยังไม่มีแท็ก
คุณยังไม่ได้ล็อกอิน คุณสามารถมีกิจกรรมร่วมกับเว็บไซต์ได้ แต่ต้องล็อกอินก่อน ::
  ล็อกอิน

รายการสื่อสารสนเทศ

ลำดับที่ ประเภท เลขเรียก/บาร์โค้ด สถานที่ สถานะ
- ไม่พบข้อมูล -

รายการใกล้เคียง
    ผู้แต่ง [คาร์เปนนิโต-โมเยท, ลินดา จูอัล]

    หัวเรื่อง [ผู้ป่วย, การวางแผนดูแล]
    หัวเรื่อง [การพยาบาล, การจัดการ]
    หัวเรื่อง [บันทึกการพยาบาล]

BibComment


ยังไม่เคยถูกคอมเมนท์

คอมเมนท์ทรัพยากรรายการนี้
  คอมเมนท์: การวางแผนและบันทึ..


 Copyright 2026. Bcnsprnw @Library